Obra completa en poesía

Saved in:
Bibliografiske detaljer
Hovedforfatter: Keats, John (Author)
Format: Bog
Sprog:engelsk
spansk
Udgivet: Barcelona Ediciones 29 1980
Udgivelse:4a. ed
Serier:Libros Río Nuevo
Fag:
Tags: Tilføj Tag
Ingen Tags, Vær først til at tagge denne postø!

MARC

LEADER 00000nam a2200000 a 4500
001 UCO4715
003 CL-VaPUC
008 000811e19800000SP |||||||||||||||||eng|d
041 0 7 |a eng  |2 CL-VaPUC 
041 0 7 |a spa  |2 CL-VaPUC 
082 0 4 |a 821  |b KEA  |2 21 
100 |a Keats, John  |e author  |9 326187 
245 1 0 |a Obra completa en poesía 
250 |a 4a. ed 
300 |a 2 v 
942 |c BK 
945 |d 20000811 00:00:00  |a crobeson 
260 |a Barcelona  |b Ediciones 29  |c 1980 
650 0 |a Poesías inglesas  |9 265094 
650 0 |a Literatura inglesa  |9 312907 
583 |a last modification  |c 20000811 00:00:00  |k Rodrigo Vera 
490 0 |a Libros Río Nuevo 
999 |c 290717  |d 290715 
952 |0 0  |1 0  |4 0  |6 821_000000000000000_KEA_1980  |7 0  |8 A  |9 340276  |a BIBART  |b BIBART  |d 2019-11-20  |h v.1  |i 1215043  |o 821 KEA 1980  |p 1215043  |r 2025-03-13  |w 2019-11-20  |y BK  |k ART